<?xml version="1.0" encoding="UTF-8"?>
<record
    xmlns:xsi="http://www.w3.org/2001/XMLSchema-instance"
    xsi:schemaLocation="http://www.loc.gov/MARC21/slim http://www.loc.gov/standards/marcxml/schema/MARC21slim.xsd"
    xmlns="http://www.loc.gov/MARC21/slim">

  <leader>02185pab a2200181 454500</leader>
  <controlfield tag="008">180718b2017   xxu||||| |||| 00| 0 eng d</controlfield>
  <datafield tag="100" ind1=" " ind2=" ">
    <subfield code="a">Salmela, Mikko</subfield>
  </datafield>
  <datafield tag="245" ind1=" " ind2=" ">
    <subfield code="a">Emotional roots of right-wing political populism</subfield>
  </datafield>
  <datafield tag="260" ind1=" " ind2=" ">
    <subfield code="c">2017</subfield>
  </datafield>
  <datafield tag="300" ind1=" " ind2=" ">
    <subfield code="a">p.567-595.</subfield>
  </datafield>
  <datafield tag="362" ind1=" " ind2=" ">
    <subfield code="a">Dec</subfield>
  </datafield>
  <datafield tag="520" ind1=" " ind2=" ">
    <subfield code="a">The rise of the radical populist right has been linked to fundamental socioeconomic changes fueled by globalization and economic deregulation. Yet, socioeconomic factors can hardly fully explain the rise of the new right. We suggest that emotional processes that affect people&#xFF92;s identities provide an additional explanation for the current popularity of the new radical right, not only among low- and medium-skilled workers, but also among the middle classes whose insecurities manifest as fears of not being able to live up to salient social identities and their constitutive values, and as shame about this actual or anticipated inability. This link between fear and shame is particularly salient in contemporary capitalist societies where responsibility for success and failure is increasingly individualized, and failure is stigmatized through unemployment, receiving welfare benefits, or labor migration. Under these conditions, we identify two psychological mechanisms behind the rise of the new populist right. The first mechanism of ressentiment explains how negative emotions &#xFF96; fear and insecurity, in particular &#xFF96; transform through repressed shame into anger, resentment and hatred towards perceived &#xFF91;enemies&#xFF92; of the self and associated social groups, such as refugees, immigrants, the long-term unemployed, political and cultural elites, and the &#xFF91;mainstream&#xFF92; media. The second mechanism relates to the emotional distancing from social identities that inflict shame and other negative emotions, and instead promotes seeking meaning and self-esteem from aspects of identity perceived to be stable and to some extent exclusive, such as nationality, ethnicity, religion, language and traditional gender roles.</subfield>
  </datafield>
  <datafield tag="650" ind1=" " ind2=" ">
    <subfield code="a">Right-wing populism</subfield>
  </datafield>
  <datafield tag="650" ind1=" " ind2=" ">
    <subfield code="a">Emotions</subfield>
  </datafield>
  <datafield tag="700" ind1=" " ind2=" ">
    <subfield code="a">Scheve, Christian von</subfield>
  </datafield>
  <datafield tag="773" ind1=" " ind2=" ">
    <subfield code="a">Social Science Information</subfield>
  </datafield>
  <datafield tag="909" ind1=" " ind2=" ">
    <subfield code="a">116555</subfield>
  </datafield>
  <datafield tag="999" ind1=" " ind2=" ">
    <subfield code="c">116549</subfield>
    <subfield code="d">116549</subfield>
  </datafield>
  <datafield tag="952" ind1=" " ind2=" ">
    <subfield code="0">0</subfield>
    <subfield code="1">0</subfield>
    <subfield code="4">0</subfield>
    <subfield code="7">0</subfield>
    <subfield code="a">IIPA</subfield>
    <subfield code="b">IIPA</subfield>
    <subfield code="d">2018-07-19</subfield>
    <subfield code="h">Volume no: 56, Issue no: 4</subfield>
    <subfield code="p">AR117015</subfield>
    <subfield code="r">2018-07-19</subfield>
    <subfield code="w">2018-07-19</subfield>
    <subfield code="y">AR</subfield>
  </datafield>
</record>
